[Event "Norwegian Open"]
[Site "Oslo NOR"]
[Date "2005.03.25"]
[Round "7"]
[White "Gladyszev,O"]
[Black "Hammer,J"]
[Result "1-0"]
[WhiteElo "2451"]
[BlackElo "2273"]

1.d4 d5 2.c4 c6 3.Nf3 Nf6 4.Nc3 a6 5.e3 b5 6.c5 Nbd7 7.b4 a5 8.bxa5 Qxa5
9.Bd2 b4 10.Nb1 Ne4 11.a3 Nxd2 12.Nfxd2 g6 13.Be2 Qc7 14.O-O Bg7 15.Nb3 bxa3
16.Rxa3 Rxa3 17.Nxa3 O-O 18.Qd2 Bb7 19.Nc2 Ra8 20.Ra1 Rxa1+ 21.Ncxa1 Nb8
22.Nc2 Kf8 23.Qb4 Ke8 24.Qa4 Kd8 25.Nb4 e6 26.Qa7 Kd7 27.Na5 Kc8 28.g3 e5
29.Nc2 e4 30.Nb4 f5 31.g4 Bf6 32.gxf5 g5 33.Na2 Bd8 34.f6 Qxa5 35.Bg4+ Nd7
36.Bxd7+ Kxd7 37.Qxb7+ Qc7 38.Qxc7+ Bxc7 39.Nb4 Ke6 40.Nxc6 Kxf6 41.h3 Ke6
42.Kg2 h5 43.Na7 g4 44.hxg4 hxg4 45.Nb5 Ba5 46.Kg3 Kd7 47.Kxg4 Kc6 48.Nd6 Bd2
49.Kf4 Ba5 50.Ke5 Bd8 51.Nf5 Bg5 52.Ke6 Bd8 53.Ne7+  1-0

[Event "Open"]
[Site "Coventry ENG"]
[Date "2005.03.26"]
[Round "5"]
[White "Williams,Si"]
[Black "Berry,N"]
[Result "1-0"]
[WhiteElo "2487"]
[BlackElo "2260"]

1.d4 d5 2.c4 c6 3.Nc3 Nf6 4.Nf3 a6 5.e3 b5 6.c5 Nbd7 7.b4 a5 8.bxa5 Qxa5
9.Bd2 b4 10.Nb1 Ne4 11.a3 Nxd2 12.Nfxd2 Qa4 13.Qxa4 Rxa4 14.Nb3 bxa3 15.Rxa3 Rxa3
16.Nxa3 e5 17.Nc2 exd4 18.exd4 Be7 19.Nb4 Nb8 20.Bd3 O-O 21.Kd2 Bd7 22.Ra1 Rc8
23.Ra7 Kf8 24.Kc3 Bd8 25.g3 h5 26.Na6 Bg4 27.Nb4 Bd7 28.Na1 h4 29.Nac2 hxg3
30.hxg3 g6 31.Ne3 Bf6 32.Bc2 Be6 33.Ba4 Nd7 34.Kd3 Nb8 35.Ra8 Kg7 36.Kc3 g5
37.Bc2 Rh8 38.Nf5+ Bxf5 39.Bxf5 Rd8 40.Ra7 Re8 41.Rb7 g4 42.Rb6 Kh6 43.Nxc6 Kg5
44.Rxb8 Rxb8 45.Nxb8 Kxf5 46.Nd7 Bd8 47.Kd3 Ba5 48.Ke3 f6 49.c6 Ke6 50.Nc5+ Ke7
51.Kf4 Bd2+ 52.Kxg4 Kd6 53.Kf5 Bc3 54.Ne6 Be1 55.c7 Kd7 56.Kxf6 Bxf2 57.g4  1-0

[Event "Alpress Cup"]
[Site "Frydek Mistek CZE"]
[Date "2005.03.27"]
[Round "7"]
[White "Stanisz,P"]
[Black "Smistik,M"]
[Result "0-1"]
[WhiteElo "2139"]
[BlackElo "2342"]

1.d4 d5 2.c4 c6 3.Nf3 Nf6 4.Nc3 a6 5.cxd5 cxd5 6.Bf4 Nc6 7.Rc1 Nh5 8.Bg5 h6
9.Bh4 g5 10.Bg3 Nxg3 11.hxg3 Bg7 12.Qb3 g4 13.Nd2 Bxd4 14.Qxd5 Qd6 15.Nd1 Be6
16.Qe4 Rd8 17.e3 Bg7 18.Be2 Qb4 19.Qxb4 Nxb4 20.a3 Nd3+ 21.Bxd3 Rxd3 22.Ke2 Rd8
23.Nc3 O-O 24.Nde4 Bc4+ 25.Ke1 Rc8 26.f3 f5 27.Nd2 Be6 28.Ke2 Rfd8 29.Na4 Bd7
30.Nc3 Rc6 31.Nb3 Rb6 32.Nd2 Rxb2 33.Nd1 Bb5+ 34.Ke1 Rd3 35.e4 Re3+ 36.Kf2 Bd4
37.Kg1 gxf3  0-1

[Event "Technomont Cup"]
[Site "Frydek Mistek CZE"]
[Date "2005.03.27"]
[Round "8"]
[White "Lahner,J"]
[Black "Karhanek,P"]
[Result "0-1"]
[WhiteElo "2241"]
[BlackElo "2216"]

1.d4 d5 2.c4 c6 3.Nf3 Nf6 4.Nc3 a6 5.c5 Bg4 6.Ne5 Bf5 7.f3 Qc8 8.g4 Be6 9.Na4 Nfd7
10.Nd3 f6 11.Bf4 Bf7 12.Qd2 e6 13.h4 Be7 14.O-O-O Bd8 15.Bd6 b5 16.Nc3 Bc7
17.Qf4 Ra7 18.e4 Bxd6 19.Qxd6 Qc7 20.Qxc7 Rxc7 21.f4 e5 22.fxe5 fxe5 23.Nxe5 Nxe5
24.dxe5 dxe4 25.Rh3 O-O 26.Nxe4 Bxa2 27.b3 Re7 28.Bd3 Bxb3  0-1

[Event "Tch-CRO U20"]
[Site "Sv. Filip i Jakov CRO"]
[Date "2005.03.30"]
[Round "3"]
[White "Bosiocic,Mark"]
[Black "Kruljac,P"]
[Result "1-0"]
[WhiteElo "2118"]
[BlackElo "1987"]

1.d4 d5 2.c4 c6 3.Nf3 Nf6 4.Nc3 a6 5.e3 b5 6.b3 Bg4 7.Bb2 e6 8.Be2 Bd6 9.h3 Bh5
10.O-O Nbd7 11.cxd5 cxd5 12.Ne5 Bxe2 13.Nxe2 Rc8 14.Qd3 Qb6 15.Nxd7 Nxd7
16.e4 dxe4 17.Qxe4 Nf6 18.Qd3 O-O 19.Rac1 Nd5 20.Nc3 Nf4 21.Qf3 Rfd8 22.Ne4 Nd5
23.Ng5 Nf6 24.Rxc8 Rxc8 25.d5 exd5 26.Bxf6 Bh2+ 27.Kxh2 gxf6 28.Nxh7 Qc7+
29.Kg1 Kxh7 30.Qxd5 Rd8 31.Qh5+ Kg8 32.Re1 Qd7 33.Qh6 Qd4 34.Re3  1-0

[Event "ch-FRA Top 16 GpA"]
[Site "Noyon FRA"]
[Date "2005.03.31"]
[Round "4"]
[White "Mensch,E"]
[Black "Bagheri,A"]
[Result "0-1"]
[WhiteElo "2360"]
[BlackElo "2500"]

1.d4 Nf6 2.c4 c6 3.Nc3 d5 4.Nf3 a6 5.e3 b5 6.b3 Bg4 7.Be2 e6 8.O-O Nbd7 9.Nd2 Bf5
10.Re1 Bb4 11.Ncb1 O-O 12.a3 Bd6 13.c5 Bc7 14.f4 Bxb1 15.Rxb1 Ne4 16.Qc2 f5
17.Nf3 Ndf6 18.Bd2 a5 19.Rf1 h6 20.Bd3 g5 21.Ne5 Qe8 22.Be1 Kh8 23.Rf3 Bd8
24.Rh3 Kg7 25.Rf3 Ra7 26.Qe2 Kh8 27.Rc1 Rg8 28.Rh3 Rh7 29.Rf3 Rhg7 30.Rh3 Kh7
31.Rf3 Bc7 32.Rc2 Qh5 33.Bg3 gxf4 34.exf4 Rxg3 35.Rxg3 Bxe5 36.fxe5 Nxg3
37.Qxh5 Nfxh5 38.hxg3 Rxg3 39.Bxb5 cxb5 40.c6 Rg8 41.Rc5 Ng3 42.Rxb5 Rc8
43.Rxa5 Rxc6 44.Rc5 Ne2+ 45.Kf2 Nxd4 46.Rxc6 Nxc6 47.Ke3 Kg7 48.b4 Kf7 49.b5 Nxe5
50.Kd4 Nd7 51.a4 Ke7 52.a5 Kd6  0-1

[Event "2nd K41 Int"]
[Site "Copenhagen DEN"]
[Date "2005.04.03"]
[Round "2"]
[White "Lund,E"]
[Black "Kongsted,H"]
[Result "1-0"]
[WhiteElo "2300"]
[BlackElo "2236"]

1.d4 d5 2.c4 c6 3.Nf3 Nf6 4.Nc3 a6 5.c5 Bg4 6.Ne5 Bf5 7.f3 Nbd7 8.g4 Be6
9.Bf4 Nxe5 10.Bxe5 Nd7 11.Bf4 f6 12.Qb3 Ra7 13.e4 Bf7 14.exd5 cxd5 15.O-O-O g5
16.Bg3 Bg7 17.Nxd5 O-O 18.Bc4 e5 19.Rhe1 Kh8 20.Kb1 exd4 21.Bd6 Ne5 22.Rxd4 Re8
23.Nc7 Bxc4 24.Qxc4 Qc8 25.Qd5 Rd8 26.Ne6 b6 27.Nxd8 bxc5 28.Bxc5 Rd7 29.Qxd7 Nxd7
30.Re8+ Nf8 31.Nf7+ Kg8 32.Rxc8  1-0

[Event "ch-VIE Prelim"]
[Site "Hue VIE"]
[Date "2005.04.04"]
[Round "2"]
[White "Ngo Ngoc Quang"]
[Black "Ly Hong Nguyen"]
[Result "0-1"]
[WhiteElo "2289"]
[BlackElo "2281"]

1.d4 d5 2.Nf3 Nf6 3.c4 c6 4.Nc3 a6 5.e3 b5 6.c5 Nbd7 7.b4 g6 8.a4 Bb7 9.Bd3 Bg7
10.O-O O-O 11.axb5 axb5 12.Rxa8 Bxa8 13.Bb2 Qc7 14.Nb1 Bb7 15.Nbd2 Ra8 16.Qb3 Bc8
17.h3 Nf8 18.Ne5 Nh5 19.f4 f6 20.Nef3 Ng3 21.Re1 Kh8 22.Kf2 Nf5 23.g4 Nh6
24.Ra1 Rxa1 25.Bxa1 Nf7 26.Qa2 Qb8 27.Nb3 Nd7 28.Na5 Qc7 29.Bc3 e5 30.e4 exd4
31.Bxd4 Qxf4 32.Be3 Qc7 33.exd5 Nde5 34.Be2 f5 35.d6 Qd7 36.Nd4 fxg4 37.hxg4 Nh6
38.Ke1 Nhxg4 39.Bg1 Qe8 40.Kd1 Bd7 41.Nab3 Nc4 42.Bf3 h5 43.Qe2 Nge5 44.Kc1 Qf7
45.Be4 Bg4 46.Qg2 Qf4+ 47.Kb1 Ne3 48.Bxe3 Qxe3 49.Bxc6 Qe1+ 50.Ka2 Qxb4 51.Bxb5 Bd1
52.Qa8+ Kh7 53.d7 Nxd7 54.Bxd7 Bxd4 55.Be6 Bg7 56.Bg8+ Kh6 57.Qd8 Qa4+ 58.Kb1 Qe4+
59.Ka2 Qc2+ 60.Ka3 Qb2+ 61.Kb4 Qc3+ 62.Ka4 Bf3 63.Qd2+ Qxd2 64.Nxd2 Bc6+
65.Ka5 h4 66.Kb6 Bg2 67.c6 Bd4+ 68.Kb5 Be5 69.Nc4 Bc7 70.Ne3 h3 71.Be6 h2
72.Ng4+ Kg5 73.Nxh2 Bxh2 74.Kb6 Kf6 75.Bg4 Bg1+ 76.Kb7 Ke7 77.Kc7 Bh2+ 78.Kb7 Kd6
79.Bd7 Bg1 80.Be8 g5 81.Bd7 Bd5 82.Bg4 Bxc6+ 83.Ka6 Bd7 84.Bf3 g4 85.Bg2 Bc6  0-1

[Event "Belgrade Cup"]
[Site "Belgrade SCG"]
[Date "2005.04.05"]
[Round "1"]
[White "Petrovic,Pe"]
[Black "Grbic,M"]
[Result "0-1"]
[WhiteElo "2175"]
[BlackElo "2316"]

1.d4 d5 2.c4 c6 3.Nc3 Nf6 4.Nf3 a6 5.cxd5 cxd5 6.Bf4 Nc6 7.h3 Bf5 8.e3 e6
9.Bd3 Bg6 10.O-O Be7 11.Ne5 Nxe5 12.Bxe5 O-O 13.Bxg6 hxg6 14.Qb3 b5 15.Rac1 Rc8
16.a4 b4 17.Ne2 Qd7 18.f3 Rxc1 19.Rxc1 Rc8 20.Rc2 Rc4 21.Rd2 Qb7 22.Nf4 Nd7
23.Nd3 Nxe5 24.Nxe5 Rc1+ 25.Kf2 Qc7 26.f4 Bd6 27.Nd3 Rc4 28.Ne5 Bxe5 29.fxe5 a5
30.Qd3 Kh7 31.h4 Kg8 32.e4 Qc6 33.exd5 Qxd5 34.Qf3 Qd8 35.Qe4 Qd5 36.Qxd5 exd5
37.Ke3 Kf8 38.g4 Ke7 39.h5 gxh5 40.gxh5 Rc1 41.Rg2 Kf8 42.Rh2 Rc6 43.Kf4 Rc4
44.Rd2 b3 45.e6 fxe6 46.Ke5 Rc2 47.Rd3 Ke7 48.Rxb3 Re2+ 49.Kf4 Re4+ 50.Kg5 Rxd4
51.Rb7+ Kf8 52.Kg6 Rg4+ 53.Kh7 Rg5 54.h6 gxh6 55.Kxh6 Rg4 56.b3 Ke8 57.Ra7 Rb4
58.Kg5 Rxb3 59.Kf6 Re3 60.Rxa5 Kd7 61.Rb5 Kd6 62.Rb6+ Kc5 63.Rb1 d4 64.a5 Ra3
65.Kxe6 d3 66.Ke5 Kc4 67.Rc1+ Kb3 68.Kd4 d2 69.Rh1 Rxa5  0-1

[Event "7th UI&UL GM"]
[Site "Dhaka BAN"]
[Date "2005.04.08"]
[Round "4"]
[White "Safin,S"]
[Black "Sangma,R"]
[Result "1-0"]
[WhiteElo "2463"]
[BlackElo "2311"]

1.d4 d5 2.c4 c6 3.Nf3 Nf6 4.Nc3 a6 5.c5 g6 6.Bf4 Bg7 7.h3 Bf5 8.e3 Nbd7 9.Be2 O-O
10.O-O h6 11.Qb3 Ra7 12.Rad1 Re8 13.Na4 g5 14.Bh2 Ne4 15.Bd3 e5 16.Bxe4 Bxe4
17.Nxe5 Nxe5 18.Bxe5 Bxe5 19.dxe5 Rxe5 20.Qc3 Qf6 21.Nb6 Re6 22.Qxf6 Rxf6
23.f3 Bg6 24.Rd4 Re6 25.Kf2 f6 26.Re1 f5 27.Rc1 Re8 28.h4 Bh5 29.Rh1 g4 30.Re1 Re5
31.Kg3 gxf3 32.gxf3 Bg6 33.Kf4 Re8 34.Rg1 Kg7 35.Rd2 Kf6 36.Nd7+ Ke6 37.Rxg6+ Kxd7
38.Rdg2 Re7 39.Rxh6 Ra8 40.h5 Rae8 41.Rd6+ Kc7 42.h6 b6 43.b4 bxc5 44.bxc5 Rxe3
45.h7  1-0

[Event "ch-BLR U20"]
[Site "Minsk BLR"]
[Date "2005.04.08"]
[Round "1"]
[White "Redko,S"]
[Black "Podolchenko,E"]
[Result "1/2-1/2"]
[WhiteElo "2150"]
[BlackElo "2260"]

1.d4 Nf6 2.c4 c6 3.Nf3 d5 4.Nc3 a6 5.cxd5 cxd5 6.Bf4 Nc6 7.e3 Bg4 8.Be2 e6
9.O-O Bd6 10.Bxd6 Qxd6 11.Na4 O-O 12.Rc1 Nd7 13.Nc5 Nxc5 14.Rxc5 b6 15.Rc3 Rfc8
16.Nd2 Bxe2 17.Qxe2 Qd7 18.Rfc1 Qb7 19.Nf3 Ne7 20.Qd3 Rxc3 21.Rxc3 Rc8  1/2-1/2

[Event "ch-BLR U20"]
[Site "Minsk BLR"]
[Date "2005.04.10"]
[Round "3"]
[White "Garaev,S"]
[Black "Khaiminov,A"]
[Result "1/2-1/2"]
[WhiteElo "2293"]
[BlackElo "2245"]

1.d4 d5 2.c4 c6 3.Nf3 Nf6 4.Nc3 a6 5.e3 b5 6.b3 Bg4 7.Be2 e6 8.O-O Bd6 9.Ne5 Bxe2
10.Qxe2 Qc7 11.f4 b4 12.Nd1 Ne4 13.Nf2 Nxf2 14.Rxf2 Nd7 15.e4 Nf6 16.exd5 cxd5
17.c5 Bxe5 18.fxe5 Ne4 19.Rf3 O-O 20.Bd2 a5 21.a3 Nxd2 22.Qxd2 Rab8 23.a4 f6
24.exf6 Rxf6 25.Rxf6 gxf6 26.Rf1 Rf8 27.Qe2 e5 28.Qg4+ Kh8 29.Qe6 exd4 30.Rxf6 Qxc5
31.Rxf8+ Qxf8 32.Qe5+ Qg7 33.Qxd5 Qg4  1/2-1/2

[Event "ch-RUS u18"]
[Site "Nojabrsk RUS"]
[Date "2005.04.10"]
[Round "5"]
[White "Kiselev,Ar"]
[Black "Verzhansky,A"]
[Result "1-0"]
[WhiteElo "2277"]
[BlackElo "2360"]

1.d4 d5 2.c4 c6 3.Nf3 Nf6 4.Nc3 a6 5.a4 e6 6.Bg5 Nbd7 7.cxd5 exd5 8.e3 a5
9.Bd3 Be7 10.Qc2 h6 11.Bh4 O-O 12.O-O Re8 13.Nd2 Ng4 14.Bg3 Nf8 15.h3 Nf6
16.Nf3 Bd6 17.Ne5 Qe7 18.f4 N6d7 19.Rae1 f6 20.Nf3 Nb6 21.Qb3 Bb4 22.e4 Qf7
23.exd5 Rxe1 24.Bxe1 cxd5 25.Nb5 Bxe1 26.Rxe1 Nc4 27.Qc2 Bd7 28.Bxc4 dxc4
29.Nd6 Qd5 30.Qxc4 Be6  1-0

[Event "ch-BLR U20"]
[Site "Minsk BLR"]
[Date "2005.04.13"]
[Round "6"]
[White "Podolchenko,E"]
[Black "Khaiminov,A"]
[Result "0-1"]
[WhiteElo "2260"]
[BlackElo "2245"]

1.d4 d5 2.c4 c6 3.Nf3 Nf6 4.Nc3 a6 5.e3 b5 6.b3 Bg4 7.h3 Bxf3 8.Qxf3 e5 9.dxe5 Bb4
10.Bd2 Bxc3 11.Bxc3 Ne4 12.Bb4 bxc4 13.e6 Ra7 14.bxc4 Qb6 15.a3 a5 16.cxd5 cxd5
17.Bc4 fxe6 18.Qh5+ Rf7 19.Rb1 axb4 20.Rxb4 Qc7 21.Bb5+ Ke7 22.O-O h6 23.Bd3 Nd6
24.Rfb1 Nd7 25.Qh4+ g5 26.Qd4 Rhf8 27.Qb2 Nc5  0-1

[Event "7th Rector Cup"]
[Site "Kharkiv UKR"]
[Date "2005.04.24"]
[Round "5"]
[White "Tihonov,J"]
[Black "Zakhartsov,V"]
[Result "0-1"]
[WhiteElo "2466"]
[BlackElo "2518"]

1.d4 d5 2.c4 c6 3.Nf3 Nf6 4.Nc3 a6 5.e3 b5 6.c5 Bg4 7.Qb3 Nbd7 8.a4 Bxf3
9.gxf3 e5 10.Qa3 Rc8 11.axb5 axb5 12.Qa5 Rc7 13.Qa8 Rc8 14.Qa5 Rc7 15.Bxb5 cxb5
16.Nxb5 Rb7 17.Qa6 Qb8 18.Na7 Bxc5 19.dxc5 Nxc5 20.Qc6+ Nfd7 21.Qc8+ Qxc8
22.Nxc8 Rb8 23.Nd6+ Ke7 24.Nf5+ Kf6 25.Ng3 Rhc8 26.b4 Nb3 27.Ra6+ Rb6 28.Rxb6+ Nxb6
29.Bd2 Rc2 30.Nf1 Nxd2  0-1

[Event "Open"]
[Site "Metz FRA"]
[Date "2005.04.24"]
[Round "9"]
[White "Collas,S"]
[Black "Svetushkin,D"]
[Result "0-1"]
[WhiteElo "2381"]
[BlackElo "2530"]

1.Nf3 d5 2.d4 Nf6 3.c4 c6 4.Nc3 a6 5.c5 Nbd7 6.Bf4 Nh5 7.Bd2 Nhf6 8.Bf4 Nh5
9.Bd2 g6 10.e4 dxe4 11.Nxe4 Ndf6 12.Nxf6+ Nxf6 13.Bc4 Bg7 14.O-O O-O 15.Re1 Bg4
16.Bc3 Qc7 17.h3 Bxf3 18.Qxf3 Rad8 19.Re2 Nd5 20.Rae1 e6 21.Re4 Rd7 22.g4 Qd8
23.Qg3 Nf6 24.R4e2 Ne8 25.d5 exd5 26.Bxg7 Nxg7 27.Bd3 Ne6 28.b4 Qf6 29.Re5 Qf4
30.Qh4 Nd4  0-1

[Event "TCh-RUS w"]
[Site "Sochi RUS"]
[Date "2005.04.24"]
[Round "6"]
[White "Guseva,M"]
[Black "Stefanova,A"]
[Result "0-1"]
[WhiteElo "2264"]
[BlackElo "2495"]

1.d4 d5 2.c4 c6 3.Nf3 Nf6 4.Nc3 a6 5.c5 Nbd7 6.h3 Qc7 7.Bg5 h6 8.Bh4 Nh5
9.g4 g5 10.gxh5 gxh4 11.Rg1 Rh7 12.e3 Rg7 13.Rxg7 Bxg7 14.Nxh4 b6 15.Qg4 Bf8
16.cxb6 Qxb6 17.O-O-O Rb8 18.Rd2 Nf6 19.Qf3 Qa5 20.Bd3 Be6 21.Ng2 Rc8 22.a3 c5
23.Nf4 cxd4 24.exd4 Bd7 25.Ne2 Ne4 26.Bxe4 dxe4 27.Qxe4 Qxh5 28.Nf4 Qg5 29.Qe3 h5
30.h4 Qxh4 31.Nd5 Qh1+  0-1

[Event "2nd Open"]
[Site "Porto Carras GRE"]
[Date "2005.04.26"]
[Round "6"]
[White "Bykhovsky,Av"]
[Black "Sanduleac,V"]
[Result "1/2-1/2"]
[WhiteElo "2426"]
[BlackElo "2482"]

1.d4 d5 2.c4 c6 3.Nf3 Nf6 4.Nc3 a6 5.e3 b5 6.c5 Bg4 7.Qb3 Nbd7 8.a4 Bxf3
9.gxf3 e5 10.Qa3 Rc8 11.axb5 axb5 12.Bh3 Be7 13.Qa5 Rc7 14.Qa8 Rc8 15.Qa6 O-O
16.dxe5 Ne8 17.f4 Bxc5 18.Bd2 Rc7 19.Qa8 Qe7 20.Qa2 Nb6 21.b3 d4 22.Ne4 dxe3
23.Bxe3 Bxe3 24.fxe3 Qb4+ 25.Nd2 Nd5 26.Qa3 Qc3 27.b4 Qxe3+ 28.Qxe3 Nxe3
29.Rb1 Re7 30.Rb3 Nd5 31.O-O f6 32.Bg2 fxe5 33.Bxd5+ cxd5 34.fxe5 Rxf1+ 35.Kxf1 Rxe5
36.Rc3 Rf5+ 37.Kg2 Rf4 38.Rc5 Rxb4 39.Rxd5 Nf6 40.Rd8+ Kf7 41.Nf3 Kg6 42.Rb8 Kf5
43.Rxb5+ Rxb5 44.Nd4+ Kg4 45.Nxb5 Nd5 46.Nd4 Nf4+ 47.Kg1 g6 48.Kf2 Kh3 49.Nf3 h6
50.Kg1 g5 51.Ne5 Ne2+ 52.Kh1 Nd4 53.Nf7 Nf5 54.Kg1 Kg4 55.Ne5+ Kf4 56.Nd3+ Ke3
57.Ne5 h5 58.Kg2 Ke4 59.Nf3 Kf4 60.Ne1 Ne3+ 61.Kf2 Ng4+ 62.Kg2 Ne5 63.Nc2 Ke4
64.Ne1 h4 65.Nc2 g4  1/2-1/2

[Event "23rd Liechtenstein Open"]
[Site "Triesen LIE"]
[Date "2005.05.01"]
[Round "3"]
[White "Horvath,Jo1"]
[Black "Vasilev,M"]
[Result "1-0"]
[WhiteElo "2513"]
[BlackElo "2403"]

1.Nf3 d5 2.d4 Nf6 3.c4 c6 4.Nc3 a6 5.e3 b5 6.b3 Bg4 7.Be2 e6 8.O-O Nbd7 9.h3 Bh5
10.Bb2 Bd6 11.Ne5 Bxe2 12.Nxe2 bxc4 13.bxc4 O-O 14.Qc2 Qc7 15.Nd3 c5 16.dxc5 Nxc5
17.Rac1 dxc4 18.Qxc4 Nxd3 19.Qxd3 Qd8 20.Rfd1 Be7 21.Nd4 Qb6 22.Qb3 Qxb3
23.axb3 Rfe8 24.Nc6 Bf8 25.Bxf6 gxf6 26.Rd7 a5 27.Rc4 h5 28.Rb7 f5 29.Kf1 Kg7
30.Ke2 Ra6 31.Ne5 Re7 32.Rcc7 Rxc7 33.Rxc7 Bd6 34.Rc6 Rxc6 35.Nxc6 Bc7 36.Kd3 Kf6
37.Kc4 Kg5 38.Kb5 Bh2 39.Nd4 Kf6 40.Nf3 Bc7 41.Kc6 Bd8 42.Nd2 e5 43.Nc4 Ke6
44.Kb5 e4 45.Nxa5 Bc7 46.Nc6 Kd5 47.Nb4+ Ke6 48.Kc4 Ba5 49.Nd5 Be1 50.f3 exf3
51.gxf3 Ke5 52.Nf4 Bd2 53.Kd3 Bb4 54.Nxh5 Bc5 55.Nf4 Kd6 56.Ne2 Ke5 57.f4+ Kf6
58.Nd4  1-0

[Event "Open A"]
[Site "Djakovo CRO"]
[Date "2005.05.03"]
[Round "4"]
[White "Teofilovic,V"]
[Black "Brumen,D"]
[Result "1-0"]
[WhiteElo "2285"]
[BlackElo "2385"]

1.Nf3 d5 2.d4 c6 3.c4 Nf6 4.Nc3 a6 5.a4 g6 6.e3 Bg7 7.Be2 O-O 8.O-O a5 9.b3 Na6
10.Ba3 Re8 11.Ne5 Be6 12.Nd3 dxc4 13.Nf4 Bf5 14.Bxc4 Ne4 15.Nxe4 Bxe4 16.Qg4 Bf5
17.Qf3 Qd7 18.h3 e5 19.dxe5 Bxe5 20.Rad1 Qc7 21.g4 Bc8 22.Nd3 Bh2+ 23.Kg2 Be6
24.Bb2 Bxc4 25.bxc4 Re6 26.Nf4 Bxf4 27.exf4 Qe7 28.f5 Re2 29.Qc3 f6 30.Rfe1 Re5
31.g5 Qb4 32.Qxb4 axb4 33.Bxe5 fxe5 34.Rxe5 gxf5 35.Rd7 Rb8 36.a5 b6 37.axb6 b3
38.c5 b2 39.Rd1 Nb4 40.Re3 Nd5 41.Rb3 Nf4+ 42.Kh2 Ne6 43.Rc3 Nf4 44.Rc2 Nd3
45.Rb1 Kf7 46.Rbxb2 Kg6 47.Rb3 Ne5 48.f4 Nd7 49.Rd3 Nf8 50.Rd6+ Kf7 51.Rxc6 Ne6
52.Rxe6  1-0

[Event "23rd Liechtenstein Open"]
[Site "Triesen LIE"]
[Date "2005.05.03"]
[Round "5"]
[White "Dizdar,G"]
[Black "Vasilev,M"]
[Result "0-1"]
[WhiteElo "2524"]
[BlackElo "2403"]

1.d4 d5 2.c4 c6 3.Nf3 Nf6 4.Nc3 a6 5.a4 e6 6.Bg5 Qa5 7.Bxf6 gxf6 8.e3 Qb4
9.Qc1 dxc4 10.a5 Nd7 11.Be2 b5 12.axb6 Nxb6 13.O-O Bb7 14.Ne4 f5 15.Nf6+ Ke7
16.e4 fxe4 17.Nxe4 Rg8 18.Qf4 Nd5 19.Qh4+ Ke8 20.Ne5 Qe7 21.Qxe7+ Bxe7 22.Nxc4 Kd7
23.Rfc1 Kc7 24.Ne5 Nf4 25.Bf3 f6 26.Nc4 c5 27.Kf1 f5 28.Nxc5 Bxf3 29.gxf3 Bxc5
30.Ne5 Rg7 31.Rxc5+ Kb7 32.Ra3 Rag8 33.Rb3+ Ka8 34.Ke1 Rb7 35.Rxb7 Kxb7 36.Kf1 Rg2
37.Rc3 Rxh2 38.Rb3+ Kc7 39.Rc3+ Kd6 40.Kg1 Rg2+ 41.Kf1 Rg7 42.Ra3 Kd5 43.Rxa6 h5
44.Ra5+ Kxd4 45.Nc6+ Kd3 46.Ra4 Ng6 47.Rd4+ Kc2 48.Rd6 e5 49.Rf6 h4 50.Rxf5 h3
51.Nxe5 h2 52.Rh5 Nf4  0-1

[Event "Open A"]
[Site "Djakovo CRO"]
[Date "2005.05.04"]
[Round "6"]
[White "Martic,Z"]
[Black "Bukal,V sr"]
[Result "0-1"]
[WhiteElo "2298"]
[BlackElo "2422"]

1.d4 d5 2.c4 c6 3.Nf3 Nf6 4.Nc3 a6 5.Qb3 dxc4 6.Qxc4 Bf5 7.Ne5 e6 8.e3 Nbd7
9.Nd3 Be7 10.f3 Bg6 11.a4 O-O 12.e4 Ne8 13.Be3 Nd6 14.Qb3 b5 15.Nb4 Qb6 16.Nd3 Nc4
17.Bf2 Na5 18.Qc2 b4 19.Nd1 Rac8 20.Rc1 f5 21.Nc5 Nxc5 22.dxc5 Qb7 23.Bd3 fxe4
24.Bxe4 Bxe4 25.Qxe4 Kh8 26.O-O Rcd8 27.Rc2 Rd5 28.Qxe6 Nb3 29.Qg4 Nd2 30.Bd4 Rg5
31.Qh3 Nxf1 32.Kxf1 Rd5 33.Rd2 Rfd8 34.Qg4 Bf6  0-1

[Event "ch-FRA Top 16 Poule Haute"]
[Site "Port Barcares FRA"]
[Date "2005.05.04"]
[Round "8"]
[White "Claverie,C"]
[Black "Milliet,S"]
[Result "0-1"]
[WhiteElo "2318"]
[BlackElo "2319"]

1.d4 d5 2.Nf3 Nf6 3.c4 c6 4.Nc3 a6 5.c5 Nbd7 6.Bf4 Nh5 7.e3 Nxf4 8.exf4 b6
9.cxb6 Qxb6 10.Qd2 e6 11.Rc1 c5 12.Na4 Qa7 13.dxc5 Nxc5 14.Qd4 Nxa4 15.Rxc8+ Kd7
16.Qxa4+ Kxc8 17.Ne5 Qb7 18.Qe8+ Kc7 19.Qxf7+ Kb8 20.Qxe6 Bb4+ 21.Kd1 Rc8
22.Bd3 Bc5 23.b4 Bd4 24.Ke2 Ka7 25.b5 axb5 26.Rb1 b4 27.Rb3 Re8 28.Qd6 Rad8
29.Qxb4 Qxb4 30.Rxb4 Bxe5 31.fxe5 Rxe5+ 32.Kd2 Rf8 33.f4 Rh5 34.h3 Rh4 35.Ke3 g5
36.Rd4 Rhxf4 37.Rxd5 Re8+ 38.Kd2 Rf2+ 39.Kc3 h6 40.Rd7+ Kb6 41.a4 Rxg2 42.Kb4 Rb2+
43.Kc3 Rf2 44.a5+ Kxa5 45.Rd6 Rc8+ 46.Kb3 Rb8+ 47.Kc3 Rc8+ 48.Kb3 Ra8 49.Rxh6 Rf3
50.Rd6 Rxh3 51.Kc3 g4 52.Kd4 Rhh8 53.Rd5+ Ka4 54.Rg5 Rhg8 55.Bg6 Ka3 56.Ke3 Ra6  0-1

[Event "ch-FRA Top 16 Poule Haute"]
[Site "Port Barcares FRA"]
[Date "2005.05.05"]
[Round "9"]
[White "David,Alb"]
[Black "Dunis,A"]
[Result "1-0"]
[WhiteElo "2579"]
[BlackElo "2485"]

1.d4 d5 2.c4 c6 3.Nf3 Nf6 4.Nc3 a6 5.a4 e6 6.Bg5 Be7 7.e3 a5 8.Rc1 O-O 9.Bd3 Na6
10.O-O Nb4 11.Bb1 b6 12.Qe2 Ba6 13.b3 Ne4 14.Bf4 Nxc3 15.Rxc3 c5 16.Ne5 f5
17.Rd1 Qe8 18.Rcc1 Rd8 19.h3 Bd6 20.dxc5 Bxc5 21.Qf3 dxc4 22.Nxc4 Rxd1+ 23.Qxd1 Qe7
24.Qh5 g6 25.Qh6 Bxc4 26.Rxc4 Qg7 27.Qxg7+ Kxg7 28.Be5+ Kf7 29.Kf1 Rd8 30.Ke2 Rd7
31.g4 Nc6 32.Bc3 Rd6 33.Bd3 Nb4 34.Bxb4 Bxb4 35.Rc7+ Kg8 36.g5 Rd8 37.Bc4 Rd6
38.Kf1 Ba3 39.Kg2 Bc5 40.Re7 Kf8 41.Rxh7 Ba3 42.Rc7 Bb2 43.h4 Ba3 44.Kf3 Bb2
45.Ke2 Ba3 46.f4 Bb4 47.Kf3 Bd2 48.Ke2 Bb4 49.Kf3 Bd2 50.Rb7 Bc1 51.Ra7 Bd2
52.Rc7 Bb4 53.Rc8+ Kg7 54.e4 Rd4 55.exf5 exf5 56.h5 gxh5 57.Rc7+ Kg6 58.Bf7+ Kg7
59.Bc4+ Kg6 60.Bf7+ Kg7 61.Bxh5+ Kh8 62.Rc8+ Kg7 63.Rc7+ Kh8 64.Rf7 Rd3+
65.Ke2 Rd5 66.Bg6 Bd2 67.Bxf5 Bxf4 68.g6 Re5+ 69.Kf3 Bh6 70.Kg4 Kg8 71.Rd7 Be3
72.Bd3 Rg5+ 73.Kh4 Kf8 74.Rf7+ Kg8 75.Be4  1-0

[Event "23rd Liechtenstein Open"]
[Site "Triesen LIE"]
[Date "2005.05.07"]
[Round "9"]
[White "Siebrecht,S"]
[Black "Sedina,E"]
[Result "1-0"]
[WhiteElo "2438"]
[BlackElo "2422"]

1.Nf3 d5 2.d4 Nf6 3.c4 c6 4.Nc3 a6 5.a4 e6 6.Bg5 Nbd7 7.a5 h6 8.Bh4 Bb4 9.Qa4 Be7
10.e3 O-O 11.Be2 c5 12.cxd5 exd5 13.O-O b5 14.axb6 Qxb6 15.Qa2 c4 16.Ne5 Qc7
17.Nxd7 Qxd7 18.Bxf6 Bxf6 19.Nxd5 Bd8 20.Bxc4 Rb8 21.e4 Bb7 22.Rad1 Bxd5
23.Bxd5 Rb4 24.Qxa6 Bb6 25.b3 Bxd4 26.Rd3 Qc7 27.Qg6 Rd8 28.Qh5 Kh8 29.Rf3 f6
30.Qg6 Qe7 31.Rh3 Rb6 32.Qf5 Qe5 33.Qxe5 fxe5 34.Rf3 Rc8 35.g3 Rc2 36.h4 h5
37.Rf5 g6 38.Rf8+ Kg7 39.Rf7+ Kh8 40.Rd1 Ra6 41.Rd3 Ra7 42.Rf8+ Kg7 43.Rdf3 Bc5
44.Re8 Bd4 45.Kg2 Rac7 46.Rg8+ Kh7 47.Rf6 Rg7 48.Ra8 Rgc7 49.Raa6 Rb2 50.Bc4 Kh8
51.Rxg6 Bxf2 52.Rh6+ Rh7 53.Ra8+ Kg7 54.Rc6 Bb6+ 55.Kh3 Rh6 56.Rxh6 Kxh6
57.Ra6  1-0

[Event "Torch Real Estate Cup"]
[Site "Wuxi CHN"]
[Date "2005.05.08"]
[Round "7"]
[White "Wang Doudou"]
[Black "Wang Yu A"]
[Result "1/2-1/2"]
[WhiteElo "2143"]
[BlackElo "2373"]

1.d4 d5 2.c4 c6 3.Nf3 Nf6 4.Nc3 a6 5.e3 b5 6.b3 Bf5 7.Bd3 e6 8.O-O Bd6 9.Bb2 O-O
10.Ne5 Bxd3 11.Nxd3 Nbd7 12.c5 Be7 13.a4 Ne4 14.axb5 axb5 15.Qc2 Nxc3 16.Bxc3 Qc7
17.Rxa8 Rxa8 18.Ra1 Rxa1+ 19.Bxa1 Qa7 20.Bc3 Bf6 21.Nb4 Nb8 22.Qa2 Qxa2 23.Nxa2 Na6
24.Kf1 Kf8 25.Ke2 Ke8 26.g4 Kd7 27.f4 g6 28.Ba5 Bg7 29.g5 h5  1/2-1/2

[Event "Torch Real Estate Cup"]
[Site "Wuxi CHN"]
[Date "2005.05.10"]
[Round "9"]
[White "Nebolsina,V"]
[Black "Wang Yu"]
[Result "1-0"]
[WhiteElo "2302"]
[BlackElo "2109"]

1.d4 Nf6 2.Nf3 d5 3.c4 c6 4.Nc3 a6 5.c5 Nbd7 6.Bf4 Nh5 7.e3 g6 8.Qd2 Bg7
9.h4 Nxf4 10.exf4 O-O 11.h5 b6 12.cxb6 Nxb6 13.hxg6 fxg6 14.Ne5 Qc7 15.Rc1 Be6
16.Qe3 Rf6 17.b3 Nd7 18.Bd3 Nxe5 19.fxe5 Rf7 20.Na4 Raf8 21.f3 Rf4 22.Ke2 Bc8
23.Rh2 Rxd4 24.Rxh7 Rxd3 25.Rxg7+ Kxg7 26.Kxd3 Bf5+ 27.Ke2 Qb8 28.Qd4 Qb5+
29.Ke3 Be6 30.Nc5 Bc8 31.e6+ Rf6 32.g4 Kg8 33.g5  1-0

[Event "CCA-ICC Open"]
[Site "Lake George USA"]
[Date "2005.05.14"]
[Round "7"]
[White "Izoria,Z"]
[Black "Epishin,V"]
[Result "1/2-1/2"]
[WhiteElo "2602"]
[BlackElo "2605"]

1.d4 Nf6 2.c4 c6 3.Nc3 d5 4.Nf3 a6 5.c5 g6 6.Bf4 Bg4 7.Ne5 Bf5 8.h3 Bg7 9.e3 Nfd7
10.Nf3 O-O 11.Be2  1/2-1/2

[Event "ch-LTU"]
[Site "Siauliai LTU"]
[Date "2005.05.14"]
[Round "11"]
[White "Zagorskis,D"]
[Black "Sarakauskas,G"]
[Result "1-0"]
[WhiteElo "2482"]
[BlackElo "2431"]

1.d4 d5 2.c4 c6 3.Nf3 Nf6 4.Nc3 a6 5.e3 b5 6.c5 Bg4 7.h3 Bxf3 8.gxf3 Nbd7
9.f4 g6 10.Bd2 a5 11.Bd3 e6 12.Rc1 Be7 13.Qf3 O-O 14.Ne2 Nh5 15.Ng3 Nxg3
16.fxg3 f5 17.Ke2 Nf6 18.g4 Ne4 19.Rcg1 Qe8 20.Rg2 Ra7 21.Rhg1 Kh8 22.Be1 Bf6
23.h4 Bd8 24.h5 Nf6 25.hxg6 fxg4 26.Rxg4 Nxg4 27.Qxg4 Rg7 28.Rh1 Rf6 29.Rxh7+ Rxh7
30.gxh7 Rh6 31.Bg3 Qh5 32.Qxh5 Rxh5 33.Kf3 Bf6 34.Bg6 Rxh7 35.Be8 Bh4 36.Bxc6 Bxg3
37.Kxg3 Rc7 38.Be8 Re7 39.Bc6 Rc7 40.Bxb5 e5 41.f5 exd4 42.exd4 Rf7 43.Kf4 Rf6
44.Ke5 Kg7 45.c6  1-0

[Event "48th TCh-SCG"]
[Site "Herceg Novi SCG"]
[Date "2005.05.15"]
[Round "1"]
[White "Tadic,B"]
[Black "Dmitrovic,T"]
[Result "1-0"]
[WhiteElo "2495"]
[BlackElo "2276"]

1.Nf3 d5 2.d4 c6 3.c4 Nf6 4.Nc3 a6 5.e3 b5 6.b3 Bg4 7.Be2 e6 8.O-O Nbd7 9.Bb2 Be7
10.Ne5 Bxe2 11.Nxe2 Nxe5 12.dxe5 Nd7 13.cxd5 cxd5 14.Rc1 O-O 15.Rc6 Qb8 16.Qd4 Qb7
17.Rfc1 b4 18.Rc7 Qb5 19.Qd2 Bc5 20.Rxd7 Bxe3 21.Qxe3 Qxd7 22.Nd4 Rac8 23.Re1 Rfe8
24.f4 g6 25.g4 Qd8 26.Kg2 Qa5 27.Qf2 Qc5 28.Re3 Rc7 29.f5 Qe7 30.f6 Qf8 31.Rh3 h6
32.Qd2 g5 33.Rh5  1-0